000 00606nam a2200217Ia 4500
003 OSt
005 20220926035329.0
006 a|||||r|||| 00| 0
007 ta
008 220923b |||||||| |||| 00| 0 eng d
037 _cGeneral Book
040 _aRTL
_cRTL
_beng
041 _2eng
_aeng
082 _aX.937.N2, G0-;1 D&W
100 _aCondliffe J B
245 0 _aNew Zealand in the making
_b A survey of economic an
260 _c1930
650 _aEconomic Conditions Latin America
942 _hX.937.N2, G0-;1 D&W
_cGB
_2CC
999 _c661927
_d661927